000 00810nam a22002417a 4500
005 2011040102042.0
008 110401t xxu||||| |||| 00| 0 eng d
010 _aENG-102227
020 _a9788180548413
_c425.00
035 _aEN-85760
037 _bDBAD/PUB
040 _adpl
_bEng
082 _a658.1
100 _aPrasad, L. M.
_926991
245 _aOrganisational behaviour /
_cby L. M. Prasad
250 _a5th thoroughly rev & enl ed
260 _aNew Delhi
_bSultan Chand
_c2011
270 _a23, Darya Ganj
_bNew Delhi
_e110002
300 _axiv,740p.
_c25cm (pbk)
500 _aIncludes index
942 _2ddc
_cEN
_h658.1
_mPRA
999 _c51386
_d51386